[Event "Garmisch"]
[Site "Garmisch"]
[Date "1994.??.??"]
[Round "11"]
[White "Sokolov, Ivan"]
[Black "Adams, Michael"]
[Result "1/2-1/2"]
[WhiteElo "2625"]
[BlackElo "2640"]
[PlyCount "76"]
[EventDate "1994.??.??"]
[Source "ChessBase"]

1. d4 e6 2. e4 d5 3. Nc3 Bb4 4. e5 Ne7 5. Bd2 c5 6. a3 Bxc3 7. Bxc3 Nbc6 8. Nf3 cxd4 9. Bxd4 Nxd4 10. Qxd4 Bd7 11. Bd3 Qa5+ 12. b4 Qb6 13. Qf4 Bb5 14. O-O Bxd3 15. cxd3 O-O 16. Rfc1 Rac8 17. a4 h6 18. b5 Qa5 19. h4 Rc3 20. Rxc3 Qxc3 21. Rc1 Qxd3 22. Rc7 Ng6 23. Qg4 Qe4 24. Qxe4 dxe4 25. h5 Nf4 26. Nd2 Rb8 27. Nxe4 Nd5 28. Rc2 a6 29. Nd6 axb5 30. axb5 b6 31. g3 Kf8 32. Ra2 f6 33. exf6 Nxf6 34. Ra7 Rd8 35. Nc4 Rd5 36. Ra8+ Ke7 37. Ra7+ Kf8 38. Ra8+ Ke7 1/2-1/2

[Event "Leon"]
[Site "Leon"]
[Date "1995.??.??"]
[Round "8"]
[White "De la Villa Garcia, Jesus Maria"]
[Black "Bareev, Evgeny"]
[Result "1/2-1/2"]
[WhiteElo "2490"]
[BlackElo "2675"]
[PlyCount "85"]
[EventDate "1995.05.??"]
[Source "ChessBase"]

1. e4 e6 2. d4 d5 3. Nc3 Bb4 4. e5 Ne7 5. Bd2 c5 6. a3 Bxc3 7. Bxc3 b6 8. Qg4 O-O 9. Nf3 Ba6 10. Bxa6 Nxa6 11. Bd2 cxd4 12. Bg5 Qc7 13. Bxe7 Qxe7 14. Nxd4 Rac8 15. O-O Nb8 16. c3 Nc6 17. Nf3 Na5 18. Rfe1 Rc4 19. Nd4 Nb3 20. Rad1 Rfc8 21. h4 Nxd4 22. Rxd4 Rxd4 23. cxd4 h6 24. Re3 Rc1+ 25. Kh2 Rc2 26. Rg3 Qf8 27. f4 Rc4 28. Qd1 Qe7 29. Kh3 f5 30. Qd2 Qc7 31. Rc3 Rxc3+ 32. Qxc3 Qxc3+ 33. bxc3 h5 34. Kg3 Kf7 35. Kf3 Ke7 36. Ke3 Kd7 37. Kd3 b5 38. Kc2 Kc6 39. Kb3 Kb7 40. Ka2 Kb6 41. Kb2 Ka5 42. Kb3 a6 43. Kb2 1/2-1/2

[Event "Paris FRA"]
[Site "?"]
[Date "2001.05.05"]
[Round "1.1"]
[White "Spassky Boris V"]
[Black "Bauer Christian"]
[Result "1-0"]
[WhiteElo "2551"]
[BlackElo "2612"]
[PlyCount "87"]
[EventDate "2001.??.??"]
[Source "www.chesslib.no"]
[SourceDate "2004.05.04"]

1. e4 e6 2. d4 d5 3. Nc3 Bb4 4. e5 Ne7 5. Bd2 c5 6. a3 Bxc3 7. Bxc3 b6 8. Nf3 Bb7 9. Be2 Ba6 10. Bxa6 Nxa6 11. O-O O-O 12. Re1 Ng6 13. b4 Rc8 14. Qd2 Qc7 15. Bb2 Nb8 16. c3 cxd4 17. cxd4 Qc2 18. Bc1 Nd7 19. a4 a6 20. b5 a5 21. Ba3 Qxd2 22. Nxd2 Rfe8 23. g3 f6 24. f4 Rc2 25. Nf3 Kf7 26. Rec1 Rec8 27. Rxc2 Rxc2 28. Rc1 Ra2 29. Rc3 h5 30. h3 Ngf8 31. Ne1 Kg6 32. Nc2 Kf5 33. Kf2 h4 34. g4+ Kg6 35. Ke3 f5 36. Kd2 fxg4 37. hxg4 Nh7 38. Rh3 Kf7 39. g5 Nhf8 40. Rxh4 Kg6 41. Kc1 Kf5 42. Kb1 Ng6 43. Rh7 Rxc2 44. Kxc2 1-0

[Event "Monarch Assurance"]
[Site "Isle of Man"]
[Date "2007.09.26"]
[Round "5.6"]
[White "Sulskis, Sarunas"]
[Black "Bartel, Mateusz"]
[Result "0-1"]
[WhiteElo "2537"]
[BlackElo "2609"]
[PlyCount "46"]
[EventDate "2007.09.22"]
[Source "www.chesslib.no"]
[SourceDate "2004.05.04"]

1. e4 e6 2. d4 d5 3. Nc3 Bb4 4. e5 c5 5. g3 Bxc3+ 6. bxc3 Qa5 7. Bd2 Ne7 8. Qg4 O-O 9. Bd3 Nbc6 10. Qh5 h6 11. h4 c4 12. Bf1 f6 13. Rh3 Bd7 14. Bxh6 gxh6 15. Qxh6 Nf5 16. Qg6+ Kh8 17. exf6 Be8 18. Qg5 Rg8 19. Qf4 Ncxd4 20. g4 e5 21. Qxe5 Bf7 22. Kd1 Rxg4 23. cxd4 Re8 0-1

[Event "Springfield"]
[Site "?"]
[Date "1963.??.??"]
[Round "?"]
[White "Platz, J."]
[Black "Lomasky, L."]
[Result "1-0"]
[WhiteElo "2560"]
[BlackElo "2560"]
[PlyCount "99"]
[EventDate "1963.??.??"]
[Source "www.chesslib.no"]
[SourceDate "2004.05.04"]

1. e4 e6 2. d4 d5 3. Nc3 Bb4 4. e5 Ne7 5. Bd2 c5 6. Nf3 Nbc6 7. a3 Bxc3 8. bxc3 Bd7 9. Bd3 Qc7 10. O-O Rc8 11. Re1 cxd4 12. cxd4 Na5 13. Bb4 Ba4 14. Qd2 Nc4 15. Qg5 Ng6 16. h4 Qd8 17. Qg3 a5 18. h5 axb4 19. axb4 b5 20. hxg6 hxg6 21. Ng5 Qe7 22. c3 Qc7 23. Rac1 Rh6 24. Qg4 Qe7 25. f4 Kd7 26. Kf2 Nb2 27. Qe2 Nxd3+ 28. Qxd3 Rch8 29. Ra1 Ke8 30. Ra3 Qc7 31. Rea1 Rh4 32. Kg3 Qd7 33. Rxa4 bxa4 34. b5 Ke7 35. Rxa4 R4h6 36. c4 Rb8 37. Qa3+ Ke8 38. Ra7 Qd8 39. Rxf7 Rh8 40. Qc5 Rc8 41. Re7+ Qxe7 42. Qxc8+ Qd8 43. Qxe6+ Qe7 44. Qc8+ Qd8 45. Qxd8+ Kxd8 46. Nf7+ Kc7 47. Nxh8 dxc4 48. Kf3 c3 49. Ke3 c2 50. Kd2 1-0

[Event "Magdeburg"]
[Site "?"]
[Date "1964.??.??"]
[Round "?"]
[White "Mohr, G."]
[Black "Golz, W."]
[Result "1-0"]
[WhiteElo "2560"]
[BlackElo "2560"]
[PlyCount "83"]
[EventDate "1964.??.??"]
[Source "www.chesslib.no"]
[SourceDate "2004.05.04"]

1. e4 e6 2. d4 d5 3. Nc3 Bb4 4. e5 c5 5. dxc5 Ne7 6. Nf3 Nbc6 7. Bd3 Ng6 8. Qe2 d4 9. a3 Ba5 10. b4 Nxb4 11. axb4 Bxb4 12. O-O Bxc3 13. Rb1 Qc7 14. h4 Bd7 15. h5 Ne7 16. Ng5 Bc6 17. Ne4 Bxe4 18. Bxe4 Nc6 19. Bg5 d3 20. Qxd3 Bxe5 21. f4 Bf6 22. Bxf6 gxf6 23. Rfd1 f5 24. Qc3 Rg8 25. Bf3 Rd8 26. Rd6 Rxd6 27. cxd6 Qxd6 28. Rxb7 Nd8 29. Qc8 Qd4+ 30. Kf1 h6 31. Rb1 Rg3 32. Rb3 Qd7 33. Qxd7+ Kxd7 34. Bc6+ Nxc6 35. Rxg3 Ke7 36. Ke2 a5 37. Rg8 Nb4 38. c4 Nc6 39. Kd3 Kd6 40. Rh8 Kc5 41. Kc3 Nb4 42. Rxh6 1-0

[Event "Ch (Men) Osterburg GER"]
[Site "?"]
[Date "2006.02.04"]
[Round "2"]
[White "Meister Yakov"]
[Black "Jussupow Artur"]
[Result "1/2-1/2"]
[WhiteElo "2502"]
[BlackElo "2605"]
[PlyCount "50"]
[EventDate "2006.??.??"]
[Source "www.chesslib.no"]
[SourceDate "2004.05.04"]

1. e4 e6 2. d4 d5 3. Nc3 Bb4 4. e5 Ne7 5. Bd2 c5 6. Nb5 Bxd2+ 7. Qxd2 O-O 8. dxc5 Nd7 9. f4 Nxc5 10. Bd3 Nxd3+ 11. Qxd3 Ng6 12. g3 Qa5+ 13. c3 Bd7 14. Nd4 f6 15. Ngf3 fxe5 16. fxe5 b5 17. a3 b4 18. cxb4 Qb6 19. h4 Rxf3 20. Nxf3 Rf8 21. O-O-O Bb5 22. Qc3 Be2 23. Nd4 Bxd1 24. Rxd1 Nxe5 25. Qc5 Re8 1/2-1/2

[Event "FRA-chT N2 Est"]
[Site "FRA"]
[Date "2003.01.18"]
[Round "5.1"]
[White "Zelcic, Robert"]
[Black "Barsov, Alexei"]
[Result "1-0"]
[WhiteElo "2576"]
[BlackElo "2525"]
[PlyCount "79"]
[EventDate "2002.10.13"]
[Source "Roberto Alvarez"]
[SourceDate "2003.07.07"]

1. e4 e6 2. d4 d5 3. Nc3 Bb4 4. e5 c5 5. dxc5 Nc6 6. Nf3 Nge7 7. Bd3 d4 8. a3 Ba5 9. b4 Nxb4 10. axb4 Bxb4 11. O-O Bxc3 12. Rb1 Nc6 13. Ng5 Nxe5 14. Qh5 g6 15. Qh6 Ng4 16. Bb5+ Bd7 17. Bxd7+ Qxd7 18. Qg7 O-O-O 19. Nxf7 Qc7 20. Bf4 Qxf4 21. Nd6+ Rxd6 22. Qxb7+ Kd8 23. Qb8+ Kd7 24. Rb7+ Kc6 25. Rc7+ Kd5 26. Qb7+ Ke5 27. g3 Qd2 28. Rf7 d3 29. cxd6 Nf6 30. cxd3 Kxd6 31. Qa6+ Ke5 32. Re7 Kf5 33. Qxe6+ Kg5 34. f4+ Kh6 35. Qh3+ Nh5 36. g4 Bf6 37. Rf7 Rd8 38. Rxf6 Rxd3 39. Rf7 Rg3+ 40. hxg3 1-0

[Event "LXVIII ch-ESP Gp B p/off"]
[Site "?"]
[Date "2003.10.28"]
[Round "2"]
[White "De la Riva Aguado Oscar"]
[Black "Arizmendi Martinez Julen L"]
[Result "1-0"]
[WhiteElo "2549"]
[BlackElo "2521"]
[PlyCount "53"]
[EventDate "2003.??.??"]
[Source "www.chesslib.no"]
[SourceDate "2004.05.04"]

1. e4 e6 2. d4 d5 3. Nc3 Bb4 4. e5 Ne7 5. Qg4 c5 6. dxc5 d4 7. a3 Ba5 8. b4 dxc3 9. bxa5 O-O 10. Nf3 Ng6 11. Bd3 Nd7 12. Be3 Qxa5 13. Bxg6 hxg6 14. Qh4 f6 15. exf6 Nxf6 16. Ne5 g5 17. Qxg5 Nd5 18. O-O Rf5 19. Qg3 Qc7 20. Bd4 Nf4 21. Rfe1 Qe7 22. Re4 Nh5 23. Qxc3 Bd7 24. Rae1 Nf4 25. Qg3 Raf8 26. Rxf4 Rxf4 27. Ng6 1-0

[Event "GMA"]
[Site "Murcia GMA"]
[Date "1990.??.??"]
[Round "?"]
[White "Fernandez Garcia, Jose L"]
[Black "Vladimirov, Evgeny Y"]
[Result "1/2-1/2"]
[WhiteElo "2500"]
[BlackElo "2565"]
[PlyCount "79"]
[EventDate "1990.??.??"]
[Source "www.chesslib.no"]
[SourceDate "2004.05.04"]

1. e4 e6 2. d4 d5 3. Nc3 Bb4 4. e5 c5 5. Nf3 Ne7 6. dxc5 Nbc6 7. Bb5 O-O 8. O-O Bxc5 9. Na4 Bb4 10. Bd2 Qa5 11. Bxc6 Nxc6 12. Bxb4 Qxb4 13. c3 Qf4 14. Re1 b6 15. b3 Bd7 16. Nb2 Rac8 17. Nd3 Qf5 18. Qd2 h6 19. Rac1 Rfd8 20. h3 Be8 21. Nf4 d4 22. cxd4 Ne7 23. g4 Qh7 24. Rxc8 Rxc8 25. d5 Nxd5 26. Nxd5 exd5 27. Nd4 Bd7 28. e6 fxe6 29. Nxe6 Bc6 30. Nd4 Be8 31. Nf5 Rd8 32. Re7 Bf7 33. Rxa7 d4 34. Qf4 d3 35. Ne7+ Kh8 36. Qxf7 d2 37. Ng6+ Qxg6 38. Qxg6 d1=Q+ 39. Kh2 Qd4 40. Qf5 1/2-1/2

[Event "Kusadasi TUR"]
[Site "?"]
[Date "2006.04.16"]
[Round "1.3"]
[White "Zelcic Robert"]
[Black "Berg Emanuel"]
[Result "0-1"]
[WhiteElo "2525"]
[BlackElo "2539"]
[PlyCount "72"]
[EventDate "2006.??.??"]
[Source "www.chesslib.no"]
[SourceDate "2004.05.04"]

1. e4 e6 2. d4 d5 3. Nc3 Bb4 4. e5 c5 5. dxc5 Ne7 6. Nf3 Nd7 7. Bd3 Qc7 8. O-O Bxc3 9. bxc3 Nxc5 10. c4 Bd7 11. Ba3 h6 12. Re1 O-O 13. Rb1 b6 14. Qe2 Rfe8 15. cxd5 Nxd5 16. Bxc5 Nc3 17. Qe3 Qxc5 18. Qxc5 bxc5 19. Rb3 Nd5 20. g3 Reb8 21. Reb1 Rb6 22. Nd2 Rab8 23. Nc4 Rb4 24. a3 Rxb3 25. cxb3 Nc3 26. Rb2 Bc6 27. Na5 Bd5 28. Rc2 Nb5 29. Rxc5 Nxa3 30. Rc7 Nb5 31. Rd7 Nd4 32. Bc4 Nf3+ 33. Kf1 Nxe5 34. Rc7 Nxc4 35. bxc4 Bf3 36. Ke1 Rd8 0-1

[Event "Kusadasi TUR"]
[Site "?"]
[Date "2006.04.16"]
[Round "1.1"]
[White "Zelcic Robert"]
[Black "Berg Emanuel"]
[Result "0-1"]
[WhiteElo "2525"]
[BlackElo "2539"]
[PlyCount "126"]
[EventDate "2006.??.??"]
[Source "www.chesslib.no"]
[SourceDate "2004.05.04"]

1. e4 e6 2. d4 d5 3. Nc3 Bb4 4. e5 c5 5. dxc5 Ne7 6. Nf3 Nd7 7. Bd3 Qc7 8. O-O Bxc3 9. bxc3 Nxc5 10. c4 Bd7 11. Ba3 h6 12. Rb1 b6 13. Qe2 O-O 14. cxd5 Nxd5 15. Bxc5 Nc3 16. Qe3 Qxc5 17. Qxc5 bxc5 18. Rb3 Nd5 19. Rfb1 Nb6 20. Nd2 Bc6 21. Nc4 Nxc4 22. Bxc4 Rfd8 23. Rd3 Be4 24. Rxd8+ Rxd8 25. f3 Bxc2 26. Rb7 a5 27. Rc7 Bd3 28. Bb3 c4 29. Ba4 Rb8 30. Kf2 Rb2+ 31. Ke3 Rxa2 32. Be8 Re2+ 33. Kd4 Bg6 34. g4 Rd2+ 35. Ke3 Rxh2 36. f4 Rh3+ 37. Kf2 h5 38. f5 exf5 39. gxf5 Bxf5 40. Bxf7+ Kh7 41. e6 Bxe6 42. Bxe6 Rh4 43. Bxc4 Rf4+ 44. Ke3 Rf6 45. Bd3+ Kh6 46. Rc5 Re6+ 47. Kf4 Rf6+ 48. Kg3 Rd6 49. Be4 Re6 50. Kf4 Rf6+ 51. Kg3 g5 52. Bg2 h4+ 53. Kh2 Ra6 54. Rb5 a4 55. Rb2 Ra5 56. Ra2 a3 57. Bf3 Kg6 58. Kg2 g4 59. Bd1 Kg5 60. Rxa3 h3+ 61. Kg3 Rd5 62. Kf2 Rf5+ 63. Ke1 Kh5 0-1

[Event "Clarin GP op"]
[Site "Villa Martelli"]
[Date "1997.??.??"]
[Round "7"]
[White "Spangenberg, Hugo"]
[Black "Rodriguez, Andres"]
[Result "0-1"]
[WhiteElo "2565"]
[BlackElo "2495"]
[PlyCount "79"]
[EventDate "1997.??.??"]
[Source "www.chesslib.no"]
[SourceDate "2004.05.04"]

1. e4 e6 2. d4 d5 3. Nc3 Bb4 4. e5 Ne7 5. Bd2 c5 6. Nb5 Bxd2+ 7. Qxd2 O-O 8. c3 Nf5 9. Bd3 a6 10. Bxf5 axb5 11. Bc2 cxd4 12. cxd4 Nc6 13. Qd3 g6 14. Nf3 Qa5+ 15. Ke2 Bd7 16. Qe3 f5 17. h4 Qb4 18. Bb3 Qe7 19. Qf4 Na5 20. h5 Nxb3 21. axb3 Rxa1 22. Rxa1 gxh5 23. Rh1 Be8 24. Qg5+ Qg7 25. Qxg7+ Kxg7 26. Ng5 Bd7 27. Nh3 Ra8 28. Kd2 Ra2 29. Kc2 Ra6 30. Nf4 Be8 31. Kc3 Kh6 32. Kb4 Kg5 33. Nd3 f4 34. Rh3 h4 35. Rh1 Rc6 36. Ra1 Bg6 37. Nc5 f3 38. gxf3 h3 39. Rg1+ Kh4 40. Rh1 0-1

[Event "Forli Open"]
[Site "Forli"]
[Date "1992.??.??"]
[Round "4"]
[White "Hodgson, Julian M"]
[Black "Farago, Ivan"]
[Result "1/2-1/2"]
[WhiteElo "2545"]
[BlackElo "2510"]
[PlyCount "139"]
[EventDate "1992.09.??"]
[Source "www.chesslib.no"]
[SourceDate "2004.05.04"]

1. d4 e6 2. e4 d5 3. Nc3 Bb4 4. e5 c5 5. Nf3 Ne7 6. dxc5 Nbc6 7. Bd3 Ng6 8. O-O Ngxe5 9. Nxe5 Nxe5 10. Bf4 Bxc3 11. bxc3 Nxd3 12. cxd3 O-O 13. Rb1 f6 14. d4 Qe8 15. Bd6 Rf7 16. Re1 Qc6 17. Re3 b6 18. f4 Bd7 19. Qb3 Re8 20. Rbe1 bxc5 21. dxc5 h6 22. Qc2 d4 23. cxd4 Qd5 24. Qe4 Bc6 25. Qxd5 Bxd5 26. f5 Rb7 27. Rxe6 Bxe6 28. fxe6 Rb4 29. Rd1 Rxe6 30. d5 Rxd6 31. cxd6 Rb6 32. Kf2 Kf7 33. Ke3 Rxd6 34. Kd4 Ra6 35. Rb1 Rxa2 36. Rb7+ Kg6 37. d6 Rxg2 38. d7 Rd2+ 39. Ke3 Rd6 40. Rxa7 Kf5 41. d8=Q Rxd8 42. Rxg7 Ra8 43. Kf3 Ra3+ 44. Kg2 h5 45. Rg8 Kf4 46. Rb8 Ra2+ 47. Kh3 Re2 48. Rb4+ Kf3 49. Rb5 Re5 50. Rb1 Kf2 51. Rb2+ Re2 52. Rb6 f5 53. Rf6 Re5 54. Kh4 Ke3 55. Kxh5 f4+ 56. Kg4 Re8 57. h4 Rg8+ 58. Kh3 f3 59. h5 f2 60. Re6+ Kf3 61. Rf6+ Ke2 62. Kh4 f1=Q 63. Rxf1 Kxf1 64. h6 Kf2 65. Kh5 Kf3 66. h7 Ra8 67. Kg6 Kg4 68. Kg7 Ra7+ 69. Kg6 Ra8 70. Kg7 1/2-1/2

[Event "Sarajevo"]
[Site "Sarajevo"]
[Date "1985.??.??"]
[Round "6"]
[White "Mikhalchishin, Adrian"]
[Black "Nogueiras, Jesus"]
[Result "1/2-1/2"]
[WhiteElo "2505"]
[BlackElo "2545"]
[PlyCount "46"]
[EventDate "1985.03.??"]
[Source "ChessBase"]

1. e4 e6 2. d4 d5 3. Nc3 Bb4 4. e5 Ne7 5. Bd2 c5 6. Nb5 Bxd2+ 7. Qxd2 cxd4 8. Nd6+ Kf8 9. f4 Nbc6 10. Nf3 Qa5 11. Qxa5 Nxa5 12. Nxd4 Bd7 13. O-O-O Nc8 14. Nxc8 Rxc8 15. h4 f6 16. f5 fxe5 17. fxe6 Ba4 18. Bb5 Bxb5 19. Nxb5 Ke7 20. Rxd5 Kxe6 21. Rd6+ Ke7 22. Rhd1 Rcd8 23. Rxd8 Rxd8 1/2-1/2

[Event "Goteborg"]
[Site "?"]
[Date "1996.??.??"]
[Round "?"]
[White "Hector, J."]
[Black "Shulman, Y."]
[Result "1/2-1/2"]
[WhiteElo "2525"]
[BlackElo "2520"]
[PlyCount "89"]
[EventDate "1996.??.??"]
[Source "ChessBase"]
[SourceDate "1996.06.01"]

1. e4 e6 2. d4 d5 3. Nc3 Bb4 4. e5 Ne7 5. Qg4 c5 6. dxc5 Nbc6 7. Bd2 O-O 8. Nf3 Bxc5 9. Na4 Bb6 10. Nxb6 Qxb6 11. O-O-O f5 12. exf6 Rxf6 13. Bg5 Rf7 14. Be3 e5 15. Qh4 Nf5 16. Bxb6 Nxh4 17. Nxh4 axb6 18. Rxd5 Rxf2 19. Bc4 Kf8 20. Rdd1 Ra4 21. Rhf1 Rf6 22. b3 Rxa2 23. Kb1 Ra5 24. Bd3 Rd5 25. Bxh7 Rxd1+ 26. Rxd1 Bg4 27. Re1 Rh6 28. Ng6+ Kf7 29. Rf1+ Ke6 30. h3 Bh5 31. Bg8+ Kd6 32. Nh4 Bg4 33. Nf3 Bxf3 34. Rxf3 e4 35. Rg3 g6 36. Bc4 Ne5 37. Be2 Kd5 38. Kc1 Rh8 39. Kd2 Rc8 40. Bf1 Ke6 41. Be2 Kf5 42. Re3 Rd8+ 43. Ke1 Rc8 44. Kd2 Rd8+ 45. Ke1 1/2-1/2

[Event "Bern Open"]
[Site "Bern SUI"]
[Date "1994.??.??"]
[Round "8"]
[White "Zelcic, Robert"]
[Black "Eingorn, Vereslav S"]
[Result "0-1"]
[WhiteElo "2460"]
[BlackElo "2570"]
[PlyCount "71"]
[EventDate "1994.02.??"]
[Source "www.chesslib.no"]
[SourceDate "2004.05.04"]

1. e4 e6 2. d4 d5 3. Nc3 Bb4 4. e5 Ne7 5. Qg4 c5 6. Nf3 cxd4 7. Nxd4 Ng6 8. Bd3 O-O 9. Nf3 Nc6 10. O-O Be7 11. Re1 Nb4 12. Bg5 Nxd3 13. cxd3 Bxg5 14. Nxg5 h6 15. Nf3 Bd7 16. a4 a5 17. h4 Rc8 18. Re3 Qb6 19. Nxd5 Qxb2 20. Rae1 Bc6 21. h5 Bxd5 22. hxg6 Rc2 23. gxf7+ Rxf7 24. Qh4 Qb4 25. R1e2 Rc1+ 26. Re1 Rxe1+ 27. Rxe1 Rf4 28. Qd8+ Kh7 29. Re3 Bxf3 30. gxf3 Qxa4 31. Kg2 Rf5 32. Re1 Qf4 33. Re3 Rxe5 34. Qb6 a4 35. Re4 Rg5+ 36. Kf1 0-1

[Event "CRO-chT2"]
[Site "Pula"]
[Date "2000.09.15"]
[Round "5"]
[White "Varga, Zoltan"]
[Black "Farago, Ivan"]
[Result "1-0"]
[WhiteElo "2541"]
[BlackElo "2486"]
[PlyCount "157"]
[EventDate "2000.09.??"]
[Source "www.chesslib.no"]
[SourceDate "2004.05.04"]

1. e4 e6 2. d4 d5 3. Nc3 Bb4 4. e5 Ne7 5. Bd2 c5 6. Nb5 Bxd2+ 7. Qxd2 O-O 8. dxc5 Ng6 9. Nf3 Nc6 10. Qe3 Bd7 11. c3 b6 12. Bd3 bxc5 13. Bxg6 fxg6 14. Qxc5 Qb8 15. O-O Nxe5 16. Nxe5 Qxe5 17. Nd4 Qb8 18. b3 Qb6 19. Qxb6 axb6 20. a4 Rfc8 21. Rac1 Rc7 22. f4 Rac8 23. Rf3 g5 24. g3 gxf4 25. gxf4 Rf8 26. Kf2 Rf6 27. Re1 Rc8 28. Re5 Rcf8 29. Ke3 Rc8 30. Kd2 Rcf8 31. f5 exf5 32. Rxd5 Bc8 33. Rf2 g6 34. c4 Bb7 35. Rb5 Rd6 36. Kc3 Rfd8 37. Rd2 Be4 38. a5 bxa5 39. Rxa5 f4 40. Re5 Bb7 41. c5 Rf6 42. Rf2 Rd5 43. Rxd5 Bxd5 44. b4 g5 45. b5 g4 46. c6 h5 47. Kb4 h4 48. Kc5 g3 49. hxg3 hxg3 50. Rf1 Be4 51. b6 g2 52. Rg1 Rf7 53. b7 Rxb7 54. cxb7 Bxb7 55. Nf5 f3 56. Nh6+ Kg7 57. Ng4 Kg6 58. Kd4 Kg5 59. Nf2 Kf4 60. Nd3+ Kg3 61. Ke3 Ba6 62. Nc5 Bb7 63. Nd3 Ba6 64. Nf4 Bb7 65. Nh5+ Kh4 66. Ng7 Kg3 67. Nf5+ Kg4 68. Nd4 Kg3 69. Rc1 Ba8 70. Rb1 Bd5 71. Nf5+ Kg4 72. Ng7 Kg3 73. Nh5+ Kh2 74. Kf2 Be4 75. Re1 Bb7 76. Nf6 Bc8 77. Nd5 Be6 78. Ne3 Bc8 79. Nc4 1-0

[Event "Linares Anibal op 3rd"]
[Site "Linares"]
[Date "1996.??.??"]
[Round "?"]
[White "Prasad, Devaki V"]
[Black "Lputian, Smbat G"]
[Result "1-0"]
[WhiteElo "2445"]
[BlackElo "2580"]
[PlyCount "75"]
[EventDate "1996.01.??"]
[Source "ChessBase"]

1. e4 e6 2. d4 d5 3. Nc3 Bb4 4. e5 c5 5. dxc5 Qc7 6. Nf3 Nd7 7. Bb5 Ne7 8. O-O O-O 9. Bxd7 Bxd7 10. Bg5 Ng6 11. Re1 h6 12. Be3 Rac8 13. Qd2 Nxe5 14. Nxe5 Qxe5 15. Bxh6 Qf5 16. Bxg7 Kxg7 17. Qd4+ e5 18. Qxb4 d4 19. Ne4 Rh8 20. Qd2 f6 21. Qd3 Rh6 22. h3 Rg6 23. Kf1 Qf4 24. Ng3 Kh6 25. Kg1 f5 26. Qe2 Rxc5 27. c3 Rg5 28. cxd4 Bb5 29. Qd1 exd4 30. Re6+ Kh7 31. Re7+ Kh6 32. Qe1 Rg6 33. Rxb7 Bc6 34. Rf7 Qg5 35. Qb4 f4 36. Qxd4 Qe5 37. Nf5+ Kh5 38. g4+ 1-0

[Event "Copenhagen DEN"]
[Site "Copenhagen DEN"]
[Date "1993.??.??"]
[Round "7"]
[White "Hector, Jonny"]
[Black "Hansen, Lars Bo"]
[Result "1-0"]
[WhiteElo "2470"]
[BlackElo "2545"]
[PlyCount "85"]
[EventDate "1993.??.??"]
[Source "www.chesslib.no"]
[SourceDate "2004.05.04"]

1. e4 e6 2. d4 d5 3. Nc3 Bb4 4. e5 Ne7 5. Bd2 c5 6. a3 Bxc3 7. Bxc3 Nbc6 8. Nf3 cxd4 9. Nxd4 Nxe5 10. Nxe6 Bxe6 11. Bxe5 O-O 12. Bd3 Nc6 13. Bg3 Qf6 14. O-O Rac8 15. Qh5 g6 16. Qh6 Qg7 17. Qg5 Rfe8 18. c3 f6 19. Qd2 d4 20. Rac1 dxc3 21. Rxc3 Rcd8 22. Qc1 Qf7 23. Re1 Bd5 24. f3 Rxe1+ 25. Bxe1 Qe6 26. Bf2 a6 27. Bf1 b5 28. Re3 Qd7 29. Qc5 Ne5 30. f4 Rc8 31. Qd4 Rc1 32. Rc3 Rxc3 33. Qxc3 Ng4 34. Bd4 Nh6 35. Bxf6 Nf5 36. Qc5 Be6 37. Bc3 Qd1 38. Qe5 Bd7 39. Qh8+ Kf7 40. Qxh7+ Ke6 41. Qxg6+ Kd5 42. Qxa6 Ne3 43. Qb7+ 1-0

[Event "AUT-chT 0001"]
[Site "Austria"]
[Date "2001.03.16"]
[Round "9"]
[White "Bokros, Albert"]
[Black "Hertneck, Gerald"]
[Result "1/2-1/2"]
[WhiteElo "2444"]
[BlackElo "2568"]
[PlyCount "65"]
[EventDate "2000.10.??"]
[Source "ChessBase"]
[SourceDate "2001.05.06"]

1. e4 e6 2. d4 d5 3. Nc3 Bb4 4. e5 c5 5. dxc5 Ne7 6. Nf3 Nbc6 7. Bd3 d4 8. a3 Ba5 9. b4 Nxb4 10. axb4 Bxb4 11. O-O Bxc3 12. Rb1 Bd7 13. Ng5 Bc6 14. Qh5 g6 15. Qh6 Nf5 16. Bxf5 exf5 17. e6 Qd5 18. exf7+ Kd7 19. f3 Raf8 20. Rd1 Kc8 21. Bb2 d3 22. Rxd3 Qa2 23. Bxc3 Qxb1+ 24. Kf2 Qxc2+ 25. Kg3 Qxd3 26. Bxh8 Rxh8 27. Ne6 Kd7 28. f8=N+ Rxf8 29. Nxf8+ Kc8 30. Ne6 Qd7 31. Qf8+ Qe8 32. Qd6 Qd7 33. Qf8+ 1/2-1/2

[Event "Rijeka op"]
[Site "?"]
[Date "2001.12.09"]
[Round "9"]
[White "Palac Mladen"]
[Black "Bukal Vladimir Sr"]
[Result "1/2-1/2"]
[WhiteElo "2572"]
[BlackElo "2437"]
[PlyCount "34"]
[EventDate "2001.??.??"]
[Source "www.chesslib.no"]
[SourceDate "2004.05.04"]

1. e4 e6 2. d4 d5 3. Nc3 Bb4 4. e5 Ne7 5. Bd2 c5 6. Nb5 Bxd2+ 7. Qxd2 O-O 8. f4 a6 9. Nd6 cxd4 10. Nf3 Nbc6 11. Nxd4 Nxd4 12. Qxd4 Qa5+ 13. Qd2 Qxd2+ 14. Kxd2 Rb8 15. Nxc8 Rbxc8 16. Bd3 Nc6 17. a3 g5 1/2-1/2

[Event "Finjub30 IM"]
[Site "Finjub30 IM"]
[Date "1992.??.??"]
[Round "?"]
[White "Kauppala, Pekka"]
[Black "Tanni, Kalle"]
[Result "1-0"]
[WhiteElo "2615"]
[BlackElo "2390"]
[PlyCount "103"]
[EventDate "1992.??.??"]
[Source "www.chesslib.no"]
[SourceDate "2004.05.04"]

1. e4 e6 2. d4 d5 3. Nc3 Bb4 4. e5 c5 5. dxc5 Qc7 6. Nf3 Ne7 7. Bd3 Nd7 8. O-O Bxc3 9. bxc3 Nxc5 10. Ba3 b6 11. Re1 Ng6 12. Nd4 Nxe5 13. Bb5+ Ned7 14. Bc6 Bb7 15. Bxc5 bxc5 16. Nxe6 fxe6 17. Rxe6+ Kd8 18. Qxd5 Bxc6 19. Rxc6 Qe5 20. Qxe5 Nxe5 21. Rd1+ Ke7 22. Rc7+ Kf6 23. f4 Nf7 24. Rdd7 Rhf8 25. g4 g6 26. g5+ Kg7 27. Kf2 Rad8 28. Rxd8 Rxd8 29. Ke2 a6 30. Rxc5 Rd7 31. Rc6 Rd6 32. Rc7 Rd5 33. c4 Ra5 34. Kd3 Rxa2 35. c5 Ra1 36. c6 Rd1+ 37. Kc4 Rd8 38. Kc5 Kf8 39. c4 Ra8 40. Rb7 Nd8 41. Rxh7 Rc8 42. c7 Rxc7+ 43. Rxc7 Ne6+ 44. Kb6 Nxc7 45. Kxc7 a5 46. Kd7 a4 47. c5 a3 48. c6 a2 49. c7 a1=Q 50. c8=Q+ Kg7 51. Qc7 Qa8 52. Qe5+ 1-0

[Event "Chigorin Memorial"]
[Site "St. Petersburg"]
[Date "2004.10.17"]
[Round "2.5"]
[White "Vovk, Yuri"]
[Black "Vysochin, Spartak"]
[Result "1-0"]
[WhiteElo "2422"]
[BlackElo "2582"]
[PlyCount "49"]
[EventDate "2004.10.15"]
[Source "Roberto Alvarez"]
[SourceDate "2004.11.08"]

1. e4 e6 2. d4 d5 3. Nc3 Bb4 4. e5 Ne7 5. Qg4 c5 6. dxc5 Nbc6 7. Bd2 O-O 8. O-O-O Ng6 9. f4 f5 10. exf6 Qxf6 11. g3 e5 12. Qf3 e4 13. Qh5 Bxc3 14. Qxd5+ Be6 15. Bxc3 Bxd5 16. Bxf6 Nb4 17. Rxd5 Nxd5 18. Bc4 Rxf6 19. Bxd5+ Kf8 20. Bxb7 Rb8 21. Bxe4 Rb5 22. Nf3 Rxc5 23. Ng5 Ra6 24. Re1 Kg8 25. Bxg6 1-0

[Event "Seefeld 86/301"]
[Site "?"]
[Date "2002.??.??"]
[Round "?"]
[White "Murey, J."]
[Black "Farago, I."]
[Result "1/2-1/2"]
[WhiteElo "2496"]
[BlackElo "2502"]
[PlyCount "60"]
[EventDate "2002.??.??"]
[Source "Chess Informant"]
[SourceDate "2002.10.01"]

1. e4 e6 2. d4 d5 3. Nc3 Bb4 4. e5 Ne7 5. Qg4 c5 6. Nf3 cxd4 7. Nxd4 Ng6 8. Bd3 O-O 9. Bxg6 fxg6 10. O-O Be7 11. Be3 Nc6 12. Nxc6 bxc6 13. Na4 Qc7 14. Qd4 Rf5 15. f4 g5 16. g4 c5 17. Qc3 Rxf4 18. Rxf4 gxf4 19. Bxc5 Ba6 20. Bxe7 Qxe7 21. Qc6 Bb7 22. Qd6 Qxd6 23. exd6 Rd8 24. Nc5 Bc8 25. d7 Bxd7 26. Re1 Bc8 27. Kf2 e5 28. Rxe5 Bxg4 29. Nd3 Rc8 30. Nxf4 Rxc2+ 1/2-1/2

[Event "Bad Woerishofen op"]
[Site "Bad Woerishofen"]
[Date "1994.??.??"]
[Round "4"]
[White "Zelcic, Robert"]
[Black "Kindermann, Stefan"]
[Result "1/2-1/2"]
[WhiteElo "2460"]
[BlackElo "2535"]
[PlyCount "34"]
[EventDate "1994.03.??"]
[Source "ChessBase"]

1. e4 e6 2. d4 d5 3. Nc3 Bb4 4. e5 Ne7 5. Qg4 c5 6. Nf3 Nbc6 7. Bb5 Bxc3+ 8. bxc3 Qa5 9. Bxc6+ bxc6 10. O-O Ba6 11. c4 Nf5 12. Bd2 Qa4 13. dxc5 O-O 14. Rfc1 Rab8 15. Nh4 Qxc4 16. Qxc4 Bxc4 17. Nxf5 exf5 1/2-1/2